Szegedi táncosok nyertek
Elmentve itt :
| Dokumentumtípus: | Cikk |
|---|---|
| Megjelent: |
1967-04-25
|
| Sorozat: | Délmagyarország
57 No. 96 |
| Kulcsszavak: | Törökgyörgy József, Tárkány Erika, Palánkay Tibor, Jakab Ágnes, Marcsinko Zoltán, Fodor Katalin, Társastáncverseny Szeged 1967, táncművészet |
| Online Access: | http://dmarchiv.bibl.u-szeged.hu/75536 |
| LEADER | 00534nab a2200145 i 4500 | ||
|---|---|---|---|
| 001 | delm75536 | ||
| 005 | 20180928084323.0 | ||
| 008 | 180928s1967 hu o 0|| hun d | ||
| 040 | |a SZTE Délmagyarország Archívum |b hun | ||
| 041 | |a hun | ||
| 245 | 0 | 0 | |a Szegedi táncosok nyertek |h [elektronikus dokumentum] |
| 260 | |c 1967-04-25 | ||
| 300 | |a 5 | ||
| 490 | 0 | |a Délmagyarország |v 57 No. 96 | |
| 695 | |a Törökgyörgy József, Tárkány Erika, Palánkay Tibor, Jakab Ágnes, Marcsinko Zoltán, Fodor Katalin, Társastáncverseny Szeged 1967, táncművészet | ||